Geography Quiz

Random Geography or City Quiz

State by 11th Largest City Quiz Stats

Quiz not verified by Sporcle

Challenge
Share
Tweet
Score 0/50 Timer 05:00
0 Plays Today
% Correct
California
94%
New York
92%
Virginia
88%
Texas
88%
Illinois
86%
Florida
84%
North Carolina
84%
West Virginia
74%
South Carolina
74%
Colorado
74%
Alaska
72%
Arkansas
70%
Arizona
70%
Washington
68%
Hawai'i
66%
Maine
64%
Massachusetts
64%
Pennsylvania
64%
Iowa
60%
Kentucky
60%
New Mexico
58%
Connecticut
56%
Georgia
56%
Wyoming
56%
Utah
54%
% Correct
South Dakota
52%
Kansas
50%
Indiana
50%
Minnesota
48%
New Jersey
48%
Oregon
46%
Oklahoma
46%
Wisconsin
42%
Michigan
42%
North Dakota
40%
Ohio
38%
Idaho
38%
Alabama
38%
Tennessee
36%
Rhode Island
36%
Louisiana
34%
Maryland
30%
New Hampshire
28%
Vermont
28%
Nebraska
26%
Missouri
22%
Nevada
22%
Delaware
20%
Montana
20%
Mississippi
18%

You're not logged in!

Compare scores with friends on all Sporcle quizzes.
Sign Up with Email
OR
Log In

You Might Also Like...

Show Comments

Extras

Top Quizzes Today


Score Distribution

Your Account Isn't Verified!

In order to create a playlist on Sporcle, you need to verify the email address you used during registration. Go to your Sporcle Settings to finish the process.

Report this User

Report this user for behavior that violates our Community Guidelines.

Details: